Statistics for Moby-Dick Franchise

Click here to take the quiz!

General Stats

  • This quiz has been taken 6 times
  • The average score is 26 of 50

Answer Stats

TypeYearNameInfo% Correct
Play2019Moby DickDave Malloy
100%
Film1978Moby DickArts & Entertainment Development
100%
Musical2016Moby DickDavid Catlin
100%
TV Mini-Series2011Moby DickEncore
100%
Opera2010Moby-DickJake Heggie
100%
Radio Mini-Series2010Moby DickBBC Radio 4
100%
Film2010Moby DickThe Asylum
100%
Play2008Moby DickMorris Panych
100%
Radio Mini-Series2006Moby DickBBC Radio 4
100%
Play2003Moby DickJuliad Rad
100%
Play2000Moby DickJim Burke
100%
TV Mini-Series1998Moby DickUSA Network
100%
Play1991Moby DickMark Rosenwinkel
100%
Graphic Novel1990Moby DickD. G. Chichester
100%
Musical1990Moby DickRobert Longden
100%
Graphic Novel1998Moby DickWill Eisner
100%
TV Film1954Moby DickNBC
100%
Film1930Moby DickWarner Bros.
100%
Unfinished Film1971Moby DickN/A
100%
Cantata1940Moby DickBernard Herrmann
100%
Film1956Moby DickWarner Bros.
100%
Radio Play1949Moby DickNBC
100%
Radio Play1949Moby DickCBC
100%
Card Game2013Moby Dick, or the Card GameKingPost
100%
Novel1851Moby-Dick; or, The WhaleHerman Melville
100%
Short Film2004Capitaine AchabLes Films Hatari
20%
Card Game2015Dick: A Card Game Based on the Novel by Herman MelvilleWhy So Ever
20%
TV Film2013The WhaleBBC One
20%
Film2011Age of the DragonsKOAN / Metrodome Distribution
0%
Opera2012And God Created WhalesRindle Eckert
0%
Film2018Beyond White SpaceVertical Entertainment
0%
Orchestral Work1952Concertato for Orchestra, Moby DickPeter Mennin
0%
Short Film1962Dicky MoeMGM
0%
Film1986Dot and the WhaleYoram Gross Films
0%
TV Show1997-1999Hakugei: Legend of the Moby DickNHK
0%
Novel1977Involution OceanBruce Sterling
0%
Comic Mini-Series2008Marvel Illustrated: Moby-DickMarvel Comics
0%
TV Show1967-1968Moby Dick and Mighty MightorCBS
0%
TV Show2005Moby Dick and the Secret of MuTF1
0%
Illustrated Book2011Moby Dick in Pictures: One Drawing for Every PageMatt Kish
0%
Play1955Moby Dick-RehearsedOrson Welles
0%
Opera2004Moby Dick: Scenes from an Imaginary OperaPeter Westergaard
0%
Orchestral Work1989Of Sailors and WhalesW. Francis McBeth
0%
Novel2012RailseaChina Miéville
0%
Film1984Samson & SallyColumbia / Rank Organisation
0%
MusicalLate 1990sSongs and Stories from Moby DickLaurie Anderson
0%
Film1926The Sea BeastWarner Bros.
0%
Short Film1938The WhalersDisney
0%
Novel1971The Wind Whales of IshmaelPhilip José Farmer
0%
Comic Mini-Series2017Vents d'OuestDark Horse Comics
0%

Score Distribution

Percentile by Number Answered

Percent of People with Each Score

Your Score History

You have not taken this quiz